Homes for rural communities (Record no. 105456)

MARC details
000 -LEADER
fixed length control field 01358cam a2200253 4500
001 - CONTROL NUMBER
control field ##L133705
008 - FIXED-LENGTH DATA ELEMENTS--GENERAL INFORMATION
fixed length control field 110801s2006 000 0 eng u
020 ## - INTERNATIONAL STANDARD BOOK NUMBER
International Standard Book Number 9781859354933
-- 1859354939
035 ## - SYSTEM CONTROL NUMBER
System control number (Sirsi) u133705
041 0# - LANGUAGE CODE
Language code of text/sound track or separate title eng
050 04 - LIBRARY OF CONGRESS CALL NUMBER
Classification number 306.9 $2 18
100 1# - MAIN ENTRY--PERSONAL NAME
Personal name Best, Richard
245 00 - TITLE STATEMENT
Title Homes for rural communities
Remainder of title report of the Joseph Rowntree Foundation Rural Housing Policy Forum
260 ## - PUBLICATION, DISTRIBUTION, ETC.
Place of publication, distribution, etc. York
Name of publisher, distributor, etc. Joseph Rowntree Foundation
Date of publication, distribution, etc. 2006
520 ## - SUMMARY, ETC.
Summary, etc. The Joseph Rowntree Foundation set up the Rural Housing Policy Forum in 2005 to consider the issues surrounding the problem of shortages of affordable housing in rural areas and to suggest solutions. This report summarises its conclusions. It covers the national housing context, housing affordability in rural areas and the importance of affordable rural housing. It offers possible solutions and recommendations on finance and leadership. References.
590 ## - LOCAL NOTE (RLIN)
Local note IKA060606, KA
650 ## - SUBJECT ADDED ENTRY--TOPICAL TERM
Topical term or geographic name entry element Affordable housing
9 (RLIN) 6215
651 #4 - SUBJECT ADDED ENTRY--GEOGRAPHIC NAME
Geographic name England and Wales
Chronological subdivision 1543-
690 ## - LOCAL SUBJECT ADDED ENTRY--TOPICAL TERM (OCLC, RLIN)
Topical term or geographic name as entry element PROPERTY-RESIDENTIAL PROPERTY-RESIDENTIAL PROPERTY MARKET
700 1# - ADDED ENTRY--PERSONAL NAME
Personal name Shucksmith, Mark
710 2# - ADDED ENTRY--CORPORATE NAME
Corporate name or jurisdiction name as entry element Joseph Rowntree Foundation
Subordinate unit Rural Housing Policy Forum
9 (RLIN) 4941
856 40 - ELECTRONIC LOCATION AND ACCESS
Uniform Resource Identifier <a href="https://www.jrf.org.uk/sites/files/jrf/9781859354933.pdf">https://www.jrf.org.uk/sites/files/jrf/9781859354933.pdf</a>
Public note View the report free of charge at www.jrf.org.uk
942 ## - ADDED ENTRY ELEMENTS (KOHA)
Suppress in OPAC 0
Holdings
Withdrawn status Lost status Source of classification or shelving scheme Damaged status Not for loan Home library Current library Shelving location Date acquired Total Checkouts Full call number Barcode Date last seen Copy number Price effective from Koha item type
    Dewey Decimal Classification     Virtual Virtual Online 05/06/2006   ONLINE PUBLICATION 133705-2001 06/08/2019 1 06/08/2019 Book